00364 2200145 4500001002100000008004100021035002000062245001700082100001800099260003100117300001400148082001600162650002700178990001300205INLIS000000000000991 ind  a0010-0423000991 aSULTAN DOMAS aPUPUT MUGIATI aSURABAYAbPRIMA JAYAc2013 ahlm.ccm. a398.297 287 aCERITA RAKYAT - PANAMA a102389-1